| 000 | 02158nam2a22003371 4500 | ||
|---|---|---|---|
| 001 | RU\NLR\A1SV\25320 | ||
| 005 | 20251203152403.2 | ||
| 035 | _a(NLR Aleph) 009709661 | ||
| 090 |
_a13478924 _c13478924 |
||
| 100 | _a19800421d1925 u y0rusy50 ca | ||
| 101 | 0 | _arus | |
| 200 | 1 |
_aИстория авиации _fВ.Вишнев _cВоздухоплавание _fН.Шабашев _cВопросы тактики военного воздушного флота _fН.Яцук, М.Строев _cВооружение воздушного флота _fН.Курбатов _cПринципы и прицельные приборы бомбометания _fА.Журавченко _cАвиобомбы и бомбодержатели _fМ.Никольский _cНаиболее употребительные военные термины, сухопутные, морские и летные _fН.Сапожников, Н.Яцук, Л.Устьянцев |
|
| 210 | _d1925 | ||
| 215 |
_a[2], 430 с. _cил. |
||
| 320 | _aБиблиогр. / М.Никольский (С.423-428) | ||
| 461 | 1 |
_1001RU\NLR\A1SV\25319 _12000#$vТ.1 _99827070 _cМ. _d1925-1927 _nАвиоизд-во _oСб. ст. по вопросам авиации и воздухоплавания _tВоздушный справочник _vТ.1 |
|
| 701 | 1 |
_aВишнев _bВ.М. _f1891-1942 _gВладимир Михайлович _4070 |
|
| 701 | 1 |
_aШабашев _bН.И. _gНиколай Иванович _4070 |
|
| 701 | 1 |
_aЯцук _bН.А. _f1884-1930 _gНиколай Александрович _4070 |
|
| 701 | 1 |
_aСтроев _bМ.П. _f1887- _gМихаил Павлович _4070 |
|
| 701 | 1 |
_aКурбатов _bН.Н. _f1886-1937? _gНиколай Николаевич _4070 |
|
| 701 | 1 |
_aЖуравченко _bА.Н. _f1884- _gАлександр Николаевич _4070 |
|
| 701 | 1 |
_aНикольский _bМ. _4070 |
|
| 701 | 1 |
_aСапожников _bН.П. _f1874-1938 _gНиколай Павлович _4070 |
|
| 701 | 1 |
_aУстьянцев _bЛ.Г. _gЛеонид Г. _4070 |
|
| 801 | 0 |
_aRU _bNLR _c19800421 |
|
| 899 |
_aРНБ _j19/275-1 |
||
| 942 | _cBOOK | ||
| 980 | _aA1SV | ||
| 980 | _aNB | ||